MARC

LEADER 00000nam0a2200000 4500
001 292025
005 20231102000443.0
035 |a (RuTPU)RU\TPU\book\316638 
090 |a 292025 
100 |a 20150420d1980 k y0rusy50 ca 
101 0 |a rus 
102 |a RU 
105 |a a z 000zy 
200 1 |a Экономические проблемы создания новой техники  |f Б. Д. Моторыгин, П. А. Седлов 
210 |a Москва  |c Машиностроение  |d 1980 
215 |a 190 с.  |c ил. 
606 1 |a Машиностроительные заводы  |x Оборудование  |x Модернизация  |x Эффективность  |2 stltpush  |3 (RuTPU)RU\TPU\subj\41581  |9 61370 
610 1 |a новая техника 
610 1 |a создание 
610 1 |a экономические проблемы 
610 1 |a экономическое стимулирование 
610 1 |a освоение 
610 1 |a научно-технический прогресс 
675 |a 621.002:658.58  |v 3 
700 1 |a Моторыгин  |b Б. Д.  |g Борис Дмитриевич 
701 1 |a Седлов  |b П. А.  |g Павел Алексеевич 
801 1 |a RU  |b 63413507  |c 20150420 
801 2 |a RU  |b 63413507  |c 20220601  |g RCR 
942 |c BK